Statistics for Forza Motorsports Series All Car Companies

Click here to take the quiz!

General Stats

  • This quiz has been taken 345 times
    (335 since last reset)
  • The average score is 44 of 113

Answer Stats

Car Companies/Brands% Correct
Ford
93%
Ferrari
89%
Audi
86%
Toyota
85%
BMW
84%
Lamborghini
83%
Chevrolet
81%
Honda
80%
Nissan
77%
Volkswagen
76%
Aston Martin
75%
Bugatti
74%
Dodge
74%
Porsche
74%
McLaren
69%
Mercedes-Benz
69%
Fiat
66%
Mazda
66%
Mitsubishi
66%
Subaru
66%
AC
65%
Bentley
65%
Alfa Romeo
64%
Renault
63%
Volvo
61%
Hyundai
60%
Acura
58%
Pagani
58%
Peugeot
58%
Citroën
56%
Lexus
56%
Abarth
54%
Cadillac
54%
Jaguar
54%
Land Rover
54%
Jeep
53%
Mercedes-AMG
53%
Kia
52%
Lotus
52%
Koenigsegg
51%
Maserati
51%
MINI
51%
Holden
49%
Chrysler
48%
Rolls-Royce
48%
SEAT
48%
Opel
47%
GMC
46%
Suzuki
46%
Vauxhall
46%
Buick
44%
Lancia
44%
Pontiac
41%
AMC
38%
SAAB
37%
Shelby
37%
Ariel
36%
HUMMER
36%
Infiniti
34%
Tesla
34%
Mercury
32%
Oldsmobile
31%
BAC
29%
Caterham
29%
KTM
29%
Plymouth
29%
TVR
29%
RUF
28%
MG
27%
Ram
27%
Lincoln
26%
Viper (SRT)
26%
Ascari
23%
Morgan
23%
Austin-Healey
22%
Donkervoort
21%
Saturn
21%
Brabham
20%
Datsun
20%
Eagle
20%
HSV
20%
Hennessey
19%
Saleen
19%
Scion
19%
Smart
19%
DeLorean
18%
W Motors
17%
Gumpert
16%
Spyker
14%
Auto-Union
13%
Lola
13%
Mosler
13%
Noble
13%
Panoz
13%
Triumph
12%
Bowler
11%
Radical
11%
SSC
11%
Hudson
10%
De Tomaso
9%
Joss
9%
Ultima
9%
Wiesmann
9%
Chaparral
8%
Devon
8%
Proto
8%
Local Motors
7%
Rossion
7%
Bertone
6%
Spada
5%
Terradyne
5%
Eagle-Weslake
4%
Forumla
1%

Score Distribution

Percentile by Number Answered

Percent of People with Each Score

Your Score History

You have not taken this quiz since the last reset